000 01391nam2a22002891 4500
001 v19\rc\1833068
005 20251118180045.6
035 _a(NLR Aleph) 004940214
090 _a5773089
_c5773089
100 _a20071224d1909 u y0rusy50 ca
101 0 _arus
102 _aRU
105 _ay z |||||
200 1 _a[Генерал Бердяев
_aЛюбкин дивизион
_aВоенный министр
_aКачур
_aПравда на свете
_aСвинья
_aИзнасилование
_aПоложение 19 февраля
_aПомещик Киселев
_aИстомин
_aУпырь]
210 _d1909
215 _a18 с.
461 0 _1001v19\rc\1833059
_12001#$aДонские картинки$eИз памят. книжки$f[Соч.] А.А. Карасева. № 1-$v№ 12
_1700#1$aКарасев$bА.А.$f1834-1913$gАлексей Алексеевич
_95773000
_aКарасев, А.А. (1834-1913)
_cНовочеркасск
_d[1908]-[1911]
_f[Соч.] А.А. Карасева. № 1-
_nФ.М. Туников
_oИз памят. книжки
_tДонские картинки
_v№ 12
532 1 3 _aУпырь
540 1 _aГенерал Бердяев
702 1 _aБердяев
_4570
801 0 _aRU
_bNLR
_gpsbo
801 0 _aRU
_bRuMoRGB
_2psbo
801 1 _aRU
_bProSoft-M
_2rusmarc
852 _aNLR
_j34.50.8.20
899 _aRuMoRGB
_jU 16/1369
942 _cBOOK
980 _aNB